000 00675cab a2200205 4500
001 ABS53894
008 090401t1995 xxu||||| |||| 00| 0 eng d
035 _a(Sirsi) u7212
041 _aeng
245 4 _aThe case for Workstyle 2000 intelligent buildings
260 _c1995
350 _a0
490 _aFacilities Management
_vGuide (9) November 1995, 10-12(3)
520 _aLooks at various aspects of intelligent buildings including the impact of technology on workspace design and needs, finance and investment.
650 _aINTELLIGENT BUILDINGS
650 _aTECHNOLOGY
690 _aBUILT ENVIRONMENT-CONSTRUCTION DESIGN
942 _n0
948 _c04/03/1997
999 _c4326
_d4326